LEADER 00923nam a2200229 i 4500 001 000000250034 003 CaOOAMICUS 005 20160711000000.0 008 160711s1995 it u000 u ita u 013 $a228939 040 $aSeMil$bita 245 10$aTurner :$bil piu grande pittore inglese. 260 $aMilano :$bFabbri,$cstampa 1996. 300 $a16 p., 30 p. di tav. :$bill. ;$c31 cm. 490 0 $aGli impressionisti e la pittura dell'800 650 4$aTurner, Joseph Mallord William.$0(OLS)http://semarc/subject/7747 830 4$aGli impressionisti e la pittura dell'800.$0(OLS)http://semarc/title/45003 850 $aSeMil 852 $aSeMil$W1$xVenegono$y1$m5F XVI 62$j200380$B200380$CSeMilBibl$Z2$F213289 $81 961 $aOmaggio: Sagramoso Guido 996 $6245$aTurner :$bil piu grande pittore inglese$9(OLS)http://semarc/title/352231 996 $6260$aMilano :$bFabbri$9(OLS)http://semarc/publisher/30054 LEADER 00840nam a2200181 4500 001 000000338505 003 CaOOAMICUS 005 20191211000000.0 008 191211s1934 it 000 u ita r 040 $aSeMil$bita 100 1 $aMarini, Temistocle.$0(OLS)http://semarc/name/23816 245 10$aMeditiamo pregando colla Chiesa :$bossia commento agli oremus delle messe domenicali e festive dell'anno liturgico /$cmons. Temistocle Marini. 264 1$aMonza :$bTip. Artigianelli,$c1934- 300 $a2 v. ;$c16 cm 774 0 $tVol. 1.$dMonza : Tip. Artigianelli, 1934.$w()338506 996 $6245$aMeditiamo pregando colla Chiesa :$bossia commento agli oremus delle messe domenicali e festive dell'anno liturgico$9(OLS)http://semarc/title/427348 996 $6264$aMonza :$bTip. Artigianelli$9(OLS)http://semarc/publisher/42105